Parc de la SÉPAQ - Statistiques

Statistiques générales
  • Ce quiz a été pris 9 fois
  • Le résultat moyen est 18 sur 28
Answers on the Grid
Answers color-coded by a green-red scale on the quiz's grid according to % correct below.
Sept-Îles
Anticosti
Bic
Kuujuaq
Fjord-du-Saguenay
Frontenac
Mont-Saint-Hilaire
Gaspésie
Charlevoix
Grand-Jardins
Fleuve-Saint-Laurent
Fermont
Île-Bonaventure-et-du-Rocher-Percé
Bromont
Jacques-Cartier
Lac-Témiscouata
Mont-Orford
Miguasha
Canal-Lachine
La-Romaine
Hautes-Gorges-de-la-Rivière-Malbaie
Lac-Memphrémagog
Aiguebelle
Îles-de-Boucherville
Île-Sainte-Hélène
Mont-Mégantic
Mont-Tremblant
Parc-des-Laurentides
Lac-Saint-jean
Parc marin du Saguenay-Saint-Laurent
Oka
Massif-du-Sud
Pingualuit
Parc National de la Mauricie
Plaisance
Opémican
Pointe-Taillon
Mont-Saint-Bruno
Bassin-de-Chambly
Tursujuq
Ulittaniujalik
Yamaska
Monts-Valin
Massif-de-Charlevoix
Kuurujuaq
 
Statistiques - réponses
Réponse % Correct
Bic
86%
Île-Bonaventure-et-du-Rocher-Percé
86%
Parc marin du Saguenay-Saint-Laurent
86%
Anticosti
71%
Fjord-du-Saguenay
71%
Frontenac
71%
Gaspésie
71%
Grand-Jardins
71%
Mont-Mégantic
71%
Mont-Orford
71%
Mont-Saint-Bruno
71%
Monts-Valin
71%
Oka
71%
Plaisance
71%
Aiguebelle
57%
Hautes-Gorges-de-la-Rivière-Malbaie
57%
Jacques-Cartier
57%
Kuurujuaq
57%
Lac-Témiscouata
57%
Miguasha
57%
Mont-Tremblant
57%
Opémican
57%
Pingualuit
57%
Pointe-Taillon
57%
Tursujuq
57%
Ulittaniujalik
57%
Yamaska
57%
Îles-de-Boucherville
43%
Aucun quiz correspondant
Distribution des résultats
% des personnes avec chaque résultat
Percentile par nombre de réponses
Votre historique - résultats
Vous n’avez pas pris ce quiz